MARC details
| 000 -LEADER |
| fixed length control field |
02037cam a22004935a 4500 |
| 001 - CONTROL NUMBER |
| control field |
14146987 |
| 003 - CONTROL NUMBER IDENTIFIER |
| control field |
EG-ScBUE |
| 005 - DATE AND TIME OF LATEST TRANSACTION |
| control field |
20220522095640.0 |
| 006 - FIXED-LENGTH DATA ELEMENTS--ADDITIONAL MATERIAL CHARACTERISTICS--GENERAL INFORMATION |
| fixed length control field |
m||||fq||h 00| 0 |
| 008 - FIXED-LENGTH DATA ELEMENTS--GENERAL INFORMATION |
| fixed length control field |
051019r20062005enka f 000 0 eng d |
| 020 ## - INTERNATIONAL STANDARD BOOK NUMBER |
| International Standard Book Number |
9780521600613 (v. 1 : pbk. with CD-ROM/Audio CD) |
| 020 ## - INTERNATIONAL STANDARD BOOK NUMBER |
| International Standard Book Number |
0521600618 (v. 1 : pbk. with CD-ROM/Audio CD) |
| 035 ## - SYSTEM CONTROL NUMBER |
| System control number |
(OCoLC)ocm61808524 |
| 040 ## - CATALOGING SOURCE |
| Original cataloging agency |
CU3SL |
| Language of cataloging |
eng |
| Description conventions |
rda |
| Transcribing agency |
CU3SL |
| Modifying agency |
DLC |
| -- |
DLC |
| -- |
EG-ScBUE |
| 082 04 - DEWEY DECIMAL CLASSIFICATION NUMBER |
| Classification number |
428.24 |
| Item number |
RED |
| Edition number |
22 |
| 100 1# - MAIN ENTRY--PERSONAL NAME |
| Personal name |
Redston, Chris, |
| Relator term |
author. |
| 245 10 - TITLE STATEMENT |
| Title |
Face2face, |
| Name of part/section of a work |
Elementary, |
| -- |
Student's book / |
| Statement of responsibility, etc |
Chris Redston, Gillie Cunningham. |
| 246 3# - VARYING FORM OF TITLE |
| Title proper/short title |
Face to face |
| 246 30 - VARYING FORM OF TITLE |
| Title proper/short title |
Elementary |
| 246 30 - VARYING FORM OF TITLE |
| Title proper/short title |
Student's book |
| 250 ## - EDITION STATEMENT |
| Edition statement |
Fifth printing. |
| 264 #1 - PUBLICATION, DISTRIBUTION, ETC. (IMPRINT) |
| Place of publication, distribution, etc |
Cambridge : |
| Name of publisher, distributor, etc |
Cambridge University Press, |
| Date of publication, distribution, etc |
2006. |
| 300 ## - PHYSICAL DESCRIPTION |
| Extent |
160 pages : |
| Other physical details |
color illustrations ; |
| Dimensions |
28 cm + |
| Accompanying material |
1 CD |
| 336 ## - CONTENT TYPE |
| Source |
rdacontent |
| Content type term |
text |
| Content type code |
txt |
| 336 ## - CONTENT TYPE |
| Source |
rdacontent |
| Content type term |
sounds |
| Content type code |
snd |
| 337 ## - MEDIA TYPE |
| Source |
rdamedia |
| Media type term |
unmediated |
| Media type code |
n |
| 337 ## - MEDIA TYPE |
| Source |
rdamedia |
| Media type term |
audio |
| Media type code |
s |
| 338 ## - CARRIER TYPE |
| Source |
rdacarrier |
| Carrier type term |
volume |
| Carrier type code |
nc |
| 338 ## - CARRIER TYPE |
| Source |
rdacarrier |
| Carrier type term |
computer disc |
| Carrier type code |
cd |
| 538 ## - SYSTEM DETAILS NOTE |
| System details note |
Accompanying CD-ROMs / Audio CD for Windows 98 SE, NT4, ME, 2000, XP. |
| 650 #7 - SUBJECT ADDED ENTRY--TOPICAL TERM |
| Topical term or geographic name as entry element |
English language |
| Form subdivision |
Textbooks for foreign speakers. |
| Source of heading or term |
BUEsh |
| 650 #7 - SUBJECT ADDED ENTRY--TOPICAL TERM |
| Topical term or geographic name as entry element |
English language |
| General subdivision |
Grammar |
| Form subdivision |
Problems, exercises, etc. |
| Source of heading or term |
BUEsh |
| 650 #7 - SUBJECT ADDED ENTRY--TOPICAL TERM |
| Topical term or geographic name as entry element |
English language |
| General subdivision |
Rhetoric |
| Form subdivision |
Problems, exercises etc. |
| Source of heading or term |
BUEsh |
| 650 #7 - SUBJECT ADDED ENTRY--TOPICAL TERM |
| Topical term or geographic name as entry element |
Vocabulary |
| Form subdivision |
Problems, exercises, etc. |
| Source of heading or term |
BUEsh |
| 650 #7 - SUBJECT ADDED ENTRY--TOPICAL TERM |
| Topical term or geographic name as entry element |
Listening |
| Form subdivision |
Problems, exercises, etc. |
| Source of heading or term |
BUEsh |
| 651 ## - SUBJECT ADDED ENTRY--GEOGRAPHIC NAME |
| Source of heading or term |
BUEsh |
| 653 ## - INDEX TERM--UNCONTROLLED |
| Resource For college |
Humanities: English |
| Arrived date list |
August2015 |
| -- |
January2019 |
| 655 ## - INDEX TERM--GENRE/FORM |
| Form subdivision |
Reading book |
| 9 (RLIN) |
34232 |
| 700 1# - ADDED ENTRY--PERSONAL NAME |
| Personal name |
Cunningham, Gillie, |
| Relator term |
author. |
| 856 42 - ELECTRONIC LOCATION AND ACCESS |
| Materials specified |
Publisher description |
| Uniform Resource Identifier |
<a href="http://www.loc.gov/catdir/enhancements/fy0632/2005283162-d.html">http://www.loc.gov/catdir/enhancements/fy0632/2005283162-d.html</a> |
| 942 ## - ADDED ENTRY ELEMENTS (KOHA) |
| Source of classification or shelving scheme |
Dewey Decimal Classification |
| Koha item type |
Book - Borrowing |